Seminario 'La Formación del personal técnico de Museos' : Barcelona, 1975 / International Council of Museums, Diputación Provincial de Barcelona Barcelona, 1975 / International Council of Museums, Diputación Provincial de Barcelona
Publicado:
Barcelona . [s.n :
1975
Descripción Física:
12 quaderns en una carpeta ; 29 cm
Otros Autores:
Consejo Internacional de Museos
MARC
| LEADER | 00000nam a2200000Ia 4500 | ||
|---|---|---|---|
| 001 | 8766 | ||
| 008 | 160829s1975 xx 000 0 cat d | ||
| 080 | |a E-1-1 | ||
| 110 | 1 | |a Barcelona (Catalunya : Província). |b Diputació |9 52408 | |
| 245 | |a Seminario 'La Formación del personal técnico de Museos' : |b Barcelona, 1975 / International Council of Museums, Diputación Provincial de Barcelona | ||
| 260 | |a Barcelona . [s.n., |c 1975 | ||
| 300 | |a 12 quaderns en una carpeta ; |c 29 cm | ||
| 590 | |a Falta el quadern núm. 10: llista de participants. | ||
| 650 | |a Museus |x Personal |x Formació |x Congressos |9 28347 | ||
| 700 | |a Consejo Internacional de Museos |9 28348 | ||
| 710 | 1 | |a Barcelona (Catalunya : Província). |b Diputació |9 52408 | |
| 901 | |a Arxiu | ||
| 942 | |n 1 | ||
| 952 | |0 0 |1 0 |4 0 |6 E11 |7 1 |9 44787 |a Arxiu |b Arxiu |d 2016-12-01 |l 0 |o E-1-1 |p 8766 |r 2016-12-01 00:00:00 |w 2016-12-01 |y ARXIU | ||
| 999 | |c 47371 |d 47371 | ||